00387nam a2200145Ia 4500008004100000020001800041041000800059082001600067100001400083245007700097260002900174300000800203365001600211700001400227230718s9999 xx 000 0 und d a9780670090891 aeng a330.54bKAP aKapoor A. aThe Age Of AwakeningbThe Story Of The Indian Economy Since Independence c2018bPenguin/ Portfolio a310 cRs.b599.00 aKapoor A.